[Event "SWE-chC op"]
[Site "Lund"]
[Date "2010.07.09"]
[Round "7"]
[White "Larsson, Gert"]
[Black "Melander, Jorgen"]
[Result "1-0"]
[WhiteElo "2204"]
[BlackElo "1934"]
[PlyCount "43"]
[EventDate "2010.07.03"]
[EventType "swiss"]
[EventRounds "9"]
[EventCountry "SWE"]
[SourceTitle "CBM 137 Extra"]
[Source "ChessBase"]
[SourceDate "2010.09.01"]
[SourceVersion "1"]
[SourceVersionDate "2010.09.01"]
[SourceQuality "1"]

1. c4 g6 2. Nc3 c5 3. Nf3 Nc6 4. d4 cxd4 5. Nxd4 Bg7 6. e3 Qb6 7. Nd5 Qa5+ 8. Bd2 Qd8 9. Nb5 Rb8 10. Bc3 Bxc3+ 11. Nbxc3 Nh6 12. e4 d6 13. Qd2 Ng4 14. h3 Nge5 15. 0-0-0 0-0 16. f4 Nd7 17. g4 e5 18. f5 g5 19. h4 h6 20. hxg5 Qxg5 21. Rxh6 f6 22. Rg6+ 1-0